NFL: Top 3 Most Rushing Yards in Each Draft Round (2025) - Statistics

General Stats
  • This quiz has been taken 29 times
  • The average score is 9 of 20
Answer Stats
Round # Player Yards College % Correct
First Round 6th Ashton Jeanty 282 Boise State
96%
First Round 22nd Omarion Hampton 270 North Carolina
91%
First Round 25th Jaxson Dart 54 USC / Ole Miss
78%
Fourth Round 105th Cam Skattebo 181 Sacramento State / Arizona State
65%
Second Round 36th Quinshon Judkins 237 Ole Miss / Ohio State
61%
Second Round 38th TreVeyon Henderson 97 Ohio State
48%
Third Round 83rd Kaleb Johnson 21 Iowa
43%
Sixth Round 179th Ollie Gordon II 60 Oklahoma State
43%
Fourth Round 116th Woody Marks 113 Mississippi State / USC
43%
Third Round 67th Harold Fannin Jr. 4 Bowling Green
39%
Seventh Round 245th Jacory Croskey-Merritt 172 Alabama State / New Mexico / Arizona
39%
Third Round 92nd Jalen Milroe 4 Alabama
39%
Fifth Round 151st DJ Giddens 44 Kansas State
35%
Seventh Round 233rd Kyle Monangai 62 Rutgers
35%
Fourth Round 104th Bhayshul Tuten 88 North Carolina A&T / Virginia Tech
30%
Seventh Round 228th Brashard Smith 24 Miami / SMU
30%
Sixth Round 184th Devin Neal 9 Kansas
30%
Sixth Round 193rd Tahj Brooks 17 Texas Tech
17%
Third Round 87th Savion Williams 24 TCU
9%
Second Round 60th RJ Havey 138 Virginia / UCF
0%
No matching quizzes found
Score Distribution
Percent of People with Each Score
Percentile by Number Answered
Your Score History
You have not taken this quiz